Z kim graniczy... - Statystyki

Ogólne statystyki
  • Ten quiz został rozwiązany 22 razy
  • Średni wynik to 8 z 8
Statystyki odpowiedzi
Długość granicy Kraj % Poprawnych
318 km Bułgaria
100%
241 km Chorwacja
100%
62 km Macedonia Północna
100%
476 km Rumunia
100%
302 km Bośnia i hercegowina
94%
443 km Węgry
94%
124 km Czarnogóra
88%
352 km Kosowo
88%
Nie znaleziono quizów pasujących do podanych kryteriów
Rozkład punktacji
Procent ludzi z każdym wynikiem
Percentyl według liczby udzielonych odpowiedzi
Twoja historia wyników
Nie rozwiązałeś tego quizu